| 000 | 00486cam a2200193ua 4500 | ||
|---|---|---|---|
| 020 | _c15.75 | ||
| 041 |
_aben _h |
||
| 082 |
_a636.208 _bREA/FE |
||
| 100 | _aReaves, Paul M . | ||
| 245 |
_aDairy cattle feeding and management / _cPaul M Reaves. _hTextual Documents |
||
| 250 |
_a5 / _b. |
||
| 260 |
_aNew Delhi : _bWiley Eastern Ltd , _c1969. |
||
| 300 | _a448 ; . | ||
| 365 | _a15.75 | ||
| 504 | _a | ||
| 700 | 1 | _aHenderson , H O . | |
| 942 | _cBK | ||
| 999 |
_c2963 _d2963 |
||